000 00799nam a2200229Ii 4500
003 JO-AjNU
008 230605s9999||||xx |||||||||||||| ||und||
017 _a2005/7334
020 _a977-287-515-2
040 _aJO-AjNU
_bara
_erda
_cJO-AjNU
041 _aara
050 1 4 _aTA645 2005
100 3 _aالشافعي، شريف فتحي ,
_eauthor
_951439
245 0 0 _aالاساليب الفنية الحديثة لصيانة العناصر الانشائية بالكبارى
250 _aط2 مزيدة ومنقحة
264 3 1 _aالقاهرة :دار الكتب العلمية ،2005
300 _a350ص
336 _atext
_btxt
_2rdacontent
337 _aunmediated
_bn
_2rdamedia
338 _avolume
_bnc
_2rdacarrier
650 4 _aالصيانة الفنية-الانشاء
_951440
999 _aA22720
_c26288
_d26288